Top 10 Songs by Tom Petty and the Heartbreakers - Statistics

General Stats
  • This quiz has been taken 6 times
  • The average score is 5 of 10
Answer Stats
Hint Answer % Correct
5 American Girl
83%
1 Free Fallin'
83%
9 Breakdown
67%
3 I Won't Back Down
67%
4 Refugee
67%
7 The Waiting
33%
8 Wildflowers
33%
6 Learning to Fly
17%
10 Mary Jane's Last Dance
17%
2 Runnin' Down a Dream
17%
No matching quizzes found
Score Distribution
Percent of People with Each Score
Percentile by Number Answered
Your Score History
You have not taken this quiz